00626nam a2200157 i 450000100060000000300090000600500170001500700030003200800410003510000290007624502240010526000620032930000270039165000260041885200240044445470ES-MaACL20230906161225.0t|030326s1908 sp ||||1| spa d1 aColl y Rodés, Ramón.16aDe la sucesión legítima o intestada b: memoria leída en los ejercicios para obtener el grado de doctor en derecho verificados en la Universidad Central el día 28 de enero de 1907 / cpor Ramón Coll y Rodés. aBarcelona : b[s.n.], c1908 (fTip. de Clemente Olivero) aVIII, 139 p ; c21 cm.04aSucesión intestada. aES-MaACLjT-164-F-6